Important Update: Building Safety Regulator Pauses Work on 50 Higher-Risk Projects (Record no. 121961)
[ view plain ]
| 000 -LEADER | |
|---|---|
| fixed length control field | 01058nam a22002417a 4500 |
| 008 - FIXED-LENGTH DATA ELEMENTS--GENERAL INFORMATION | |
| fixed length control field | 240701t2024 xxk|||||o|||| 00| 0 eng d |
| 041 ## - LANGUAGE CODE | |
| Language code of text/sound track or separate title | eng |
| 110 ## - MAIN ENTRY--CORPORATE NAME | |
| Corporate author | Royal Institution of Chartered Surveyors |
| 245 ## - TITLE STATEMENT | |
| Title | Important Update: Building Safety Regulator Pauses Work on 50 Higher-Risk Projects |
| Medium | [Electronic resource] |
| 260 ## - PUBLICATION INFORMATION | |
| Place of publication | London, |
| Publisher | Royal Institution of Chartered Surveyors, |
| Date | 27 June 2024 |
| 300 ## - PHYSICAL DESCRIPTION | |
| Physical description | press release |
| 490 ## - SERIES TITLE | |
| Series statement | RICS Press Release |
| 520 ## - ABSTRACT | |
| Abstract | RICS guidance for members following the compulsory liquidation of the private registered building control approver AIS Surveyors. |
| 650 ## - KEYWORDS | |
| Keywords | AIS SURVEYORS |
| 650 ## - KEYWORDS | |
| Keywords | BUILDING SAFETY ACT 2022 |
| 650 ## - KEYWORDS | |
| Keywords | BUILDING SAFETY REGULATOR |
| 650 ## - KEYWORDS | |
| Keywords | HIGHER-RISK BUILDINGS |
| 651 ## - SUBJECT ADDED ENTRY--GEOGRAPHIC NAME | |
| Geographic name | United Kingdom |
| 690 ## - BROAD SUBJECT | |
| Broad subject | Building control |
| 9 (RLIN) | 6222 |
| 710 ## - ADDED CORPORATE NAME | |
| Added corporate author | Royal Institution of Chartered Surveyors |
| 856 ## - ONLINE RESOURCE | |
| Uniform Resource Identifier | <a href="https://www.rics.org/news-insights/important-update-building-safety-regulator-pauses-work-on-50-higher-risk-projects">https://www.rics.org/news-insights/important-update-building-safety-regulator-pauses-work-on-50-higher-risk-projects</a> |
| Public note | Available free on RICS.org |
| 942 ## - ADDED ENTRY ELEMENTS (KOHA) | |
| Suppress in OPAC | Do not suppress in OPAC |
| Lost status | Damaged status | Not for loan | Current library | Shelving location | Date acquired | Total Checkouts | Full call number | Date last seen | Price effective from | Koha item type |
|---|---|---|---|---|---|---|---|---|---|---|
| Virtual | Online | 01/07/2024 | PRESS RELEASE | 01/07/2024 | 01/07/2024 | Journal article |